Statistics for Eurovision Winning Songs 1956-2022

Click here to take the quiz!

General Stats

  • This quiz has been taken 152 times
    (39 since last reset)
  • The average score is 26 of 69

Answer Stats

YearCountryArtistSong% Correct
1974SwedenABBAWaterloo
87%
2018IsraelNettaToy
83%
2009NorwayAlexander RybakFairytale
80%
2019NetherlandsDuncan LaurenceArcade
77%
2014AustriaConchita WurstRise like a phoenix
77%
2012SwedenLoreenEuphoria
73%
2015SwedenMåns ZelmerlöwHeroes
70%
2016UkraineJamala1944
67%
2022UkraineKalush OrchestraStefania
67%
2021ItalyMåneskinZitti e buoni
67%
2006FinlandLordiHard rock hallelujah
60%
2010GermanyLenaSatellite
60%
2013DenmarkEmmelie de ForestOnly teardrops
57%
2004UkraineRuslanaWild dances
57%
1998IsraelDana InternationalDiva
53%
2007SerbiaMarija ŠerifovićMolitva
53%
2017PortugalSalvador SobralAmar pelos dois
47%
1987IrelandJohnny LoganHold me now
47%
2011AzerbaijanEll & NikkiRunning scared
47%
1978IsraelIzhar Cohen and the AlphabetaA-ba-ni-bi
43%
1968SpainMassielLa, la, la
43%
1997United KingdomKatrina and the wavesLove shine a light
43%
2005GreeceHelena PaparizouMy number one
43%
1967United KingdomSandie ShawPuppet on a string
43%
1956SwitzerlandLys AssiaRefrain
43%
1980IrelandJohnny LoganWhat's another year
43%
2008RussiaDima BilanBelieve
40%
2000DenmarkOlsen BrothersFly on the wings of love
40%
2002LatviaMarie NI wanna
40%
1976United KingdomBrotherhood of manSave your kisses
40%
1979IsraelMilk and honeyHallelujah
37%
1970IrelandDanaAll kinds of everything
33%
1963DenmarkGrethe and Jørgen IngmannDansevise
33%
2001EstoniaTanel Padar, Dave Benton and 2XLEverybody
33%
2003TurkeySertab ErenerEveryway that I can
33%
1993IrelandNiamh KavanaghIn your eyes
33%
1986BelgiumSandra KimJ'aime la vie
33%
1988SwitzerlandCéline DionNe partez pas sans moi
33%
1989YugoslaviaRivaRock me
33%
1999SwedenCharlotte NilssonTake me to your heaven
33%
1992IrelandLinda MartinWhy me?
33%
1969United KingdomLuluBoom bang-a-bang
30%
1981United KingdomBucks FizzMaking your mind up
30%
1994IrelandPaul Harrington and Charlie Mc GettiganRock 'n' roll kids
30%
1996IrelandEimear QuinnThe voice
30%
1966AustriaUdo JürgensMerci Chérie
27%
1972LuxembourgVicky LeandrosAprès toi
23%
1975NetherlandsTeach-inDing-a-dong
23%
1990ItalyToto CutugnoInsieme: 1992
23%
1969SpainSaloméVivo cantando
23%
1969NetherlandsLenny KuhrDe troubadour
20%
1991SwedenCarolaFångad av en stormvind
20%
1985NorwayBobbysocks!La det swinge
20%
1960FranceJacquiline BoyerTom Pillibi
20%
1962FranceIsabelle AubretUn premier amour
20%
1984SwedenHerreysDiggi-loo diggi-ley
17%
1958FranceAndré ClaveauDors, mon amour
17%
1982GermanyNicoleEin bißchen Frieden
17%
1977FranceMarie MyriamL'oiseau et l'enfant
17%
1957NetherlandsCorry BrokkenNet als toen
17%
1964ItalyGigliola CinquettiNon ho l'età
17%
1973LuxembourgAnne-Marie DavidTu te reconnaîtras
17%
1983LuxembourgCorinne HermèsSi la vie est cadeau
10%
1959NetherlandsTeddy Scholten'n Beetje
7%
1995NorwaySecret gardenNoctrune
7%
1961LuxembourgJean-Claude PascalNous les amoureux
7%
1971MonacoSéverineUn banc, un abre, une rue
3%
1969FranceFrida BoccaraUn jour, un enfant
3%
1965LuxembourgFrance GallPoupeé de sire, poupeé de son
0%

Score Distribution

Percentile by Number Answered

Percent of People with Each Score

Your Score History

You have not taken this quiz since the last reset